Podatek dochodowy od osób fizycznych a zasada sprewiedliwości podatkowej

Gespeichert in:
Bibliographische Detailangaben
1. Verfasser: Wolowiec, Tomasz
Weitere Verfasser: Štefko, Róbert, Dubovická, Lenka
Format: Buchkapitel
Sprache:Polnisch
Tags: Tag hinzufügen
Keine Tags, Fügen Sie das erste Tag hinzu!

MARC

LEADER 00000naa$a2200000$$$4500
001 0160900
005 20240502083357.7
041 0 |a pol 
044 |a PL 
245 1 0 |a Podatek dochodowy od osób fizycznych a zasada sprewiedliwości podatkowej  |c Tomasz Wolowiec, Róbert Štefko, Lenka Dubovická 
100 1 |a Wolowiec, Tomasz 
700 1 |a Štefko, Róbert 
700 1 |a Dubovická, Lenka